00443nam a22001697a 450000500170000001000130001702000260003003500130005603700100006908200100007910000180008924500450010726000360015227000390018830000260022750000200025320111003105714.0 aG-001699 c595.00a97881833903301daG-001699 bGift  a279.3 aHossein Nasr E aLiving sufism /cby Seyyed Hossein Nasr  aSrinagar bGulshan Books c2008 aResidency Road, bSrinagare190001 axii, 185p. c22cm(Hb) aIncludes index